[Event "Lenk op 21st"]
[Site "Lenk"]
[Date "2009.04.12"]
[Round "6"]
[White "Georgiadis, Nico"]
[Black "Broennimann, Michael"]
[Result "1-0"]
[WhiteElo "2056"]
[BlackElo "2292"]
[PlyCount "67"]
[EventDate "2009.04.09"]
[EventType "swiss"]
[EventRounds "7"]
[EventCountry "SUI"]
[SourceTitle "CBM 130 Extra"]
[Source "ChessBase"]
[SourceDate "2009.07.02"]
[SourceVersion "2"]
[SourceVersionDate "2009.07.15"]
[SourceQuality "1"]

1. e4 d6 2. d4 Nf6 3. Nc3 g6 4. Bg5 Bg7 5. Qd2 c6 6. f4 b5 7. Bd3 0-0 8. Nf3 Bg4 9. 0-0 Qb6 10. Ne2 Nbd7 11. Kh1 Rae8 12. e5 dxe5 13. fxe5 Nd5 14. Rae1 f6 15. Bh6 Bxf3 16. Rxf3 fxe5 17. Rh3 Nf4 18. Bxf4 exf4 19. Nxf4 Qxd4 20. Ne6 Qf2 21. Qd1 Rf6 22. Ng5 Nc5 23. Nxh7 Rd6 24. Ng5 Rf8 25. Rhe3 Bxb2 26. Nf3 Rxf3 27. Rxf3 Nxd3 28. cxd3 Qh4 29. Ref1 Bf6 30. Qe2 a5 31. Rf4 Qh5 32. Qe4 Kf7 33. Rh4 Re6 34. Rxh5 1-0

[Event "Lenk op 21st"]
[Site "Lenk"]
[Date "2009.04.11"]
[Round "5"]
[White "Broennimann, Michael"]
[Black "Nuri, Kambez"]
[Result "1/2-1/2"]
[WhiteElo "2292"]
[BlackElo "2208"]
[PlyCount "94"]
[EventDate "2009.04.09"]
[EventType "swiss"]
[EventRounds "7"]
[EventCountry "SUI"]
[SourceTitle "CBM 130 Extra"]
[Source "ChessBase"]
[SourceDate "2009.07.02"]
[SourceVersion "2"]
[SourceVersionDate "2009.07.15"]
[SourceQuality "1"]

1. d4 Nf6 2. c4 g6 3. Nc3 Bg7 4. e4 d6 5. Nf3 0-0 6. Be2 Nbd7 7. 0-0 e5 8. d5 Nc5 9. Qc2 a5 10. Ne1 Nh5 11. Bxh5 gxh5 12. Be3 b6 13. Nd3 f5 14. f3 f4 15. Bf2 h4 16. h3 Qg5 17. Kh2 Bf6 18. Rfc1 Kh8 19. Ne1 Rg8 20. b3 Rg7 21. a3 Bd7 22. b4 Na6 23. Qe2 Qh5 24. Rab1 Rag8 25. c5 axb4 26. axb4 bxc5 27. bxc5 Nxc5 28. Bxc5 dxc5 29. Rb7 Bd8 30. Qf1 Qg6 31. Ne2 Qa6 32. Rcb1 Rg6 33. Qf2 Rb6 34. R1xb6 cxb6 35. Rxd7 c4 36. Nc3 Qa5 37. Qb2 Qc5 38. Ne2 Bf6 39. Ng1 c3 40. Qc2 Qe3 41. Qe2 Qd2 42. Rd6 Be7 43. Rxb6 Bc5 44. Qxd2 cxd2 45. Rb1 dxe1Q 46. Rxe1 Rb8 47. Rd1 Kg7 1/2-1/2

[Event "SUI-chT"]
[Site "Switzerland"]
[Date "2008.09.21"]
[Round "9.6"]
[White "Nuri, Kambez"]
[Black "Broennimann, Michael"]
[Result "0-1"]
[WhiteElo "2208"]
[BlackElo "2247"]
[PlyCount "96"]
[EventDate "2008.03.02"]
[EventType "team-tourn"]
[EventRounds "9"]
[EventCountry "SUI"]
[SourceTitle "EXT 2009"]
[Source "ChessBase"]
[SourceDate "2008.11.26"]
[SourceVersion "1"]
[SourceVersionDate "2008.11.26"]
[SourceQuality "1"]
[WhiteTeam "Winterthur"]
[BlackTeam "Bern"]
[WhiteTeamCountry "SUI"]
[BlackTeamCountry "SUI"]

1. e4 c5 2. Nf3 e6 3. d4 cxd4 4. Nxd4 Nc6 5. Nc3 d6 6. Be3 Qc7 7. Be2 Nf6 8. 0-0 Be7 9. Kh1 0-0 10. f4 a6 11. Qe1 Nxd4 12. Bxd4 e5 13. fxe5 dxe5 14. Qg3 Bd6 15. Be3 Ne8 16. Bg4 Be6 17. Bxe6 fxe6 18. Qg4 Qc4 19. Rxf8+ Bxf8 20. Qf3 Be7 21. Qh5 Nf6 22. Qxe5 Ng4 23. Qg3 Nxe3 24. Qxe3 Rf8 25. Qe2 Qxe2 26. Nxe2 Rf2 27. Nd4 Bf6 28. Nxe6 Kf7 29. e5 Bxe5 30. Nd8+ Kg6 31. Nxb7 Rxc2 32. Rb1 Bxb2 33. g3 Kg5 34. Nc5 Kg4 35. Nd3 Ba3 36. Rb3 Rxa2 37. Ne5+ Kf5 38. Nc4 Bc5 39. Rb7 Bd4 40. Rf7+ Ke6 41. Rf3 Kd5 42. Na3 Kc5 43. Rb3 g5 44. g4 Rb2 45. Rh3 Kb4 46. Rxh7 Kxa3 47. h4 gxh4 48. Rxh4 Rb8 0-1

[Event "Lenk op 20th"]
[Site "Lenk"]
[Date "2008.03.22"]
[Round "4"]
[White "Broennimann, Michael"]
[Black "Roelli, Sabrina"]
[Result "1-0"]
[WhiteElo "2255"]
[BlackElo "2038"]
[PlyCount "87"]
[EventDate "2008.03.20"]
[EventType "swiss"]
[EventRounds "7"]
[EventCountry "SUI"]
[SourceTitle "CBM 123 Extra"]
[Source "ChessBase"]
[SourceDate "2008.05.06"]
[SourceVersion "1"]
[SourceVersionDate "2008.05.06"]
[SourceQuality "1"]

1. d4 d5 2. c4 c6 3. Nf3 e6 4. cxd5 exd5 5. Nc3 Nf6 6. Bg5 Be7 7. e3 Nbd7 8. Bd3 0-0 9. Qc2 Re8 10. Bf4 Nf8 11. Ne5 Be6 12. h3 Rc8 13. 0-0 Bd6 14. Rad1 c5 15. dxc5 Rxc5 16. Bb5 Re7 17. Nd3 Rc8 18. Bxd6 Qxd6 19. Nf4 a6 20. Be2 Qe5 21. Qa4 Rd7 22. Qd4 Qd6 23. Rd2 Qc6 24. Bf3 Ne4 25. Rd3 Rcd8 26. Rc1 b5 27. Qe5 f6 28. Qd4 Bf7 29. Rdd1 Qb7 30. Bg4 Rd6 31. Nxe4 dxe4 32. Qxd6 Rxd6 33. Rxd6 Bxa2 34. Rd8 Kf7 35. Rdc8 Bc4 36. b3 Nd7 37. Rd8 Ne5 38. bxc4 bxc4 39. Rcd1 Qb2 40. Be6+ Ke7 41. R1d7+ Nxd7 42. Rxd7+ Ke8 43. Rxg7 c3 44. Nd5 1-0

[Event "Oberliga Baden 0708"]
[Site "Germany"]
[Date "2008.02.10"]
[Round "6.5"]
[White "Dudek, Richard"]
[Black "Broennimann, Michael"]
[Result "0-1"]
[WhiteElo "2256"]
[BlackElo "2228"]
[PlyCount "58"]
[EventDate "2007.10.21"]
[EventType "team-tourn"]
[EventRounds "9"]
[EventCountry "GER"]
[SourceTitle "EXT 2009"]
[Source "ChessBase"]
[SourceDate "2008.11.26"]
[SourceVersion "1"]
[SourceVersionDate "2008.11.26"]
[SourceQuality "1"]
[WhiteTeam "Eppingen II"]
[BlackTeam "Dreisamtal"]
[WhiteTeamCountry "GER"]
[BlackTeamCountry "GER"]

1. e4 c5 2. Nc3 Nc6 3. g3 g6 4. Bg2 Bg7 5. d3 d6 6. f4 f5 7. Nf3 e6 8. 0-0 Nge7 9. Be3 Nd4 10. Rb1 0-0 11. Ne2 Nec6 12. c3 Nxe2+ 13. Qxe2 b6 14. exf5 gxf5 15. Ne5 Nxe5 16. Bxa8 Ba6 17. fxe5 Qxa8 18. exd6 Qd5 19. Qf3 Qxd6 20. Rfd1 e5 21. b4 Qd7 22. bxc5 Bb7 23. Qf2 f4 24. gxf4 exf4 25. Bd4 Bxd4 26. cxd4 Qh3 27. d5 Bxd5 28. cxb6 Rf6 29. Qf1 Rg6+ 0-1

[Event "SUI-chT"]
[Site "Switzerland"]
[Date "2007.09.01"]
[Round "6.7"]
[White "Gattenloehner, Sebastian"]
[Black "Broennimann, Michael"]
[Result "0-1"]
[WhiteElo "2239"]
[BlackElo "2217"]
[PlyCount "106"]
[EventDate "2007.02.25"]
[EventType "team-tourn"]
[EventRounds "9"]
[EventCountry "SUI"]
[SourceTitle "EXT 2008"]
[Source "ChessBase"]
[SourceDate "2007.11.25"]
[SourceVersion "1"]
[SourceVersionDate "2007.11.25"]
[SourceQuality "1"]
[WhiteTeam "Winterthur"]
[BlackTeam "Bern"]
[WhiteTeamCountry "SUI"]
[BlackTeamCountry "SUI"]

1. e4 c5 2. Nf3 e6 3. d4 cxd4 4. Nxd4 Nc6 5. Nc3 d6 6. Be3 Be7 7. Qe2 Qc7 8. 0-0-0 a6 9. g4 h6 10. h4 b5 11. Rg1 b4 12. Na4 Bd7 13. Nb3 Rb8 14. Qxa6 Ne5 15. Nb6 Bc6 16. f4 Nd7 17. Na5 Bxe4 18. Nac4 Ngf6 19. Rd2 d5 20. g5 dxc4 21. gxf6 Nxb6 22. fxe7 Nd5 23. Rd4 Nxe3 24. Rxe4 Nxf1 25. Rxc4 Qxe7 26. Qc6+ Qd7 27. Rxf1 Qxc6 28. Rxc6 Kd7 29. Rc4 Rhc8 30. Rd1+ Ke7 31. Rcd4 Rd8 32. Rxd8 Rxd8 33. Rxd8 Kxd8 34. Kd2 Kd7 35. Kd3 Kd6 36. Kc4 e5 37. Kxb4 exf4 38. Kc4 g5 39. hxg5 hxg5 40. Kd4 f5 41. Kd3 f3 42. Ke3 g4 43. a4 f4+ 44. Kf2 Kd5 45. a5 Ke4 46. a6 g3+ 47. Kf1 Ke3 48. a7 g2+ 49. Kg1 f2+ 50. Kxg2 Ke2 51. a8Q f1Q+ 52. Kh2 Qf2+ 53. Kh1 Qf3+ 0-1

[Event "SUI-chT"]
[Site "Switzerland"]
[Date "2007.06.03"]
[Round "4.6"]
[White "Broennimann, Michael"]
[Black "Drabke, Lorenz Maximilian"]
[Result "0-1"]
[WhiteElo "2217"]
[BlackElo "2391"]
[PlyCount "106"]
[EventDate "2007.02.25"]
[EventType "team-tourn"]
[EventRounds "9"]
[EventCountry "SUI"]
[SourceTitle "EXT 2008"]
[Source "ChessBase"]
[SourceDate "2007.11.25"]
[SourceVersion "1"]
[SourceVersionDate "2007.11.25"]
[SourceQuality "1"]
[WhiteTeam "Bern"]
[BlackTeam "Reichenstein"]
[WhiteTeamCountry "SUI"]
[BlackTeamCountry "SUI"]

1. d4 d5 2. c4 c6 3. Nf3 Nf6 4. cxd5 cxd5 5. Nc3 Nc6 6. Bf4 a6 7. e3 Bg4 8. h3 Bxf3 9. Qxf3 e6 10. Bd3 Be7 11. 0-0 0-0 12. Rac1 Rc8 13. Na4 Nd7 14. Qg3 Qa5 15. Nc3 Qb6 16. b3 Qa5 17. Bd6 Bxd6 18. Qxd6 Rfd8 19. Qg3 g6 20. Bb1 Nb4 21. Qh4 Re8 22. Qg4 Rc6 23. Qe2 Rec8 24. Qd2 Qc7 25. Ne2 Nc2 26. Nf4 Nxd4 27. Rxc6 Nxc6 28. Rc1 Qb6 29. Nd3 Ne7 30. Rxc8+ Nxc8 31. Qc3 Ne7 32. Nf4 Qc6 33. Qd2 Nc5 34. Ne2 Qb6 35. Bc2 Nc6 36. Bb1 a5 37. Qc3 a4 38. Nc1 e5 39. Bc2 Qb4 40. Qxb4 Nxb4 41. Bd1 a3 42. Kf1 Ncd3 43. Nxd3 Nxd3 44. Bc2 Nb4 45. Bb1 Kf8 46. Ke2 Ke7 47. Kd2 Kd6 48. Kc3 Kc5 49. Kd2 b6 50. Kc3 d4+ 51. exd4+ exd4+ 52. Kd2 Nd5 53. Bd3 Nc3 0-1

[Event "Lenk op"]
[Site "Lenk"]
[Date "2005.04.25"]
[Round "3"]
[White "Vogt, Lothar"]
[Black "Broennimann, Michael"]
[Result "1-0"]
[WhiteElo "2483"]
[BlackElo "2254"]
[PlyCount "123"]
[EventDate "2005.04.24"]
[EventType "swiss"]
[EventRounds "7"]
[EventCountry "SUI"]
[SourceTitle "CBM 105 Extra"]
[Source "ChessBase"]
[SourceDate "2005.05.01"]
[SourceVersion "1"]
[SourceVersionDate "2005.05.01"]
[SourceQuality "1"]

1. e4 c5 2. Nf3 d6 3. d4 cxd4 4. Nxd4 Nf6 5. Nc3 a6 6. a4 e6 7. Be2 Be7 8. f4 Qc7 9. 0-0 Nc6 10. Be3 0-0 11. Kh1 Na5 12. Qd3 Bd7 13. Rad1 Rac8 14. Bc1 Nc4 15. Qg3 Kh8 16. Bf3 b5 17. axb5 axb5 18. b3 Ne3 19. Bxe3 Qxc3 20. Rd3 Qc7 21. e5 Ne8 22. c3 g6 23. Rfd1 Ng7 24. exd6 Bxd6 25. Qh4 f6 26. Bg4 Rcd8 27. Ne2 Be7 28. Qf2 Bc6 29. Nd4 e5 30. Nxc6 Rxd3 31. Rxd3 Qxc6 32. Rd7 exf4 33. Bxf4 Bc5 34. Qd2 Qe4 35. Bh6 Be7 36. h3 f5 37. Bf3 Qe6 38. Qd4 Rg8 39. Qa7 Bf6 40. Bd5 Qe1+ 41. Qg1 Re8 42. Bf7 Qxg1+ 43. Kxg1 Rc8 44. c4 bxc4 45. bxc4 Nh5 46. Kf2 Bg7 47. Be3 Nf6 48. Ra7 Ne4+ 49. Kf3 Be5 50. Bd5 Nf6 51. Be6 Re8 52. Bf7 Rc8 53. g4 fxg4+ 54. hxg4 h5 55. g5 Ng4 56. Bg1 Rc7 57. Ra8+ Kg7 58. Be6 Kh7 59. Ke4 Bc3 60. c5 Ne5 61. Kd5 Nf7 62. Bh2 1-0